Clinical calculations : (Record no. 170651)

MARC details
000 -LEADER
fixed length control field 01289cam a2200325 i 4500
001 - CONTROL NUMBER
control field 1140171700
003 - CONTROL NUMBER IDENTIFIER
control field OSt
005 - DATE AND TIME OF LATEST TRANSACTION
control field 20240718102341.0
008 - FIXED-LENGTH DATA ELEMENTS--GENERAL INFORMATION
fixed length control field 200113t20212021moua b 001 0 eng
020 ## - INTERNATIONAL STANDARD BOOK NUMBER
International Standard Book Number 9780323749589 (paperback)
040 ## - CATALOGING SOURCE
Original cataloging agency NUST
Language of cataloging eng
Description conventions rda
Transcribing agency NUST
Modifying agency NUST
050 #4 - LIBRARY OF CONGRESS CALL NUMBER
Classification number RS57 KEE
100 1# - MAIN ENTRY--PERSONAL NAME
Personal name Kee, Joyce LeFever,
Relator term Author.
245 ## - TITLE STATEMENT
Title Clinical calculations :
Remainder of title with applications to general and specialty areas /
Statement of responsibility, etc. Joyce LeFever Kee, Sally M. Marshall, Kathryn Woods, Mary Catherine Forrester
250 ## - EDITION STATEMENT
Edition statement Ninth edition
260 ## - PUBLICATION, DISTRIBUTION, ETC.
Place of publication, distribution, etc. St Louis :
Name of publisher, distributor, etc. Elsevier,
Date of publication, distribution, etc. 2021.
300 ## - PHYSICAL DESCRIPTION
Extent xv, 416 pages :
Other physical details illustrations (some colour) ;
Dimensions 26 cm.
336 ## - CONTENT TYPE
Content type term text
Content type code txt
Source rdacontent
337 ## - MEDIA TYPE
Media type term unmediated
Media type code n
Source rdamedia
338 ## - CARRIER TYPE
Carrier type term volume
Carrier type code nc
Source rdacarrier
504 ## - BIBLIOGRAPHY, ETC. NOTE
Bibliography, etc. note Includes bibliographical references and index.
650 #0 - SUBJECT ADDED ENTRY--TOPICAL TERM
Topical term or geographic name entry element Pharmaceutical arithmetic.
Authority record control number or standard number http://id.loc.gov/authorities/subjects/sh85100583
650 #0 - SUBJECT ADDED ENTRY--TOPICAL TERM
Topical term or geographic name entry element Nursing
General subdivision Mathematics.
650 12 - SUBJECT ADDED ENTRY--TOPICAL TERM
Topical term or geographic name entry element Drug Dosage Calculations.
650 #2 - SUBJECT ADDED ENTRY--TOPICAL TERM
Topical term or geographic name entry element Mathematics.
Authority record control number or standard number (DNLM)D008433.
-- https://id.nlm.nih.gov/mesh/D008433
700 1# - ADDED ENTRY--PERSONAL NAME
Personal name Marshall, Sally M.,
Relator term Author.
700 1# - ADDED ENTRY--PERSONAL NAME
Personal name Woods, Katy,
Relator term Author.
700 1# - ADDED ENTRY--PERSONAL NAME
Personal name Forrester, Mary Catherine,
Relator term Author.
942 ## - ADDED ENTRY ELEMENTS (KOHA)
Source of classification or shelving scheme Library of Congress Classification
Koha item type Ordinary Loan Books
Edition Ninth edition.
Classification part RS57
Call number prefix R
Call number suffix KEE
Suppress in OPAC No
Holdings
Withdrawn status Lost status Source of classification or shelving scheme Damaged status Not for loan Collection Home library Current library Shelving location Date acquired Source of acquisition Cost, normal purchase price Total Checkouts Full call number Barcode Date last seen Accession number Cost, replacement price Price effective from Koha item type Public note
    LCC     NFIC MAIN MAIN GEN 07/17/2024 Book Aid International 50.00   RS57 KEE 92004053288 07/17/2024 60693 50.00 07/17/2024 BOOKS Donation
    LCC     NFIC MAIN MAIN GEN 09/09/2024 Book Aid International 50.00   RS57 KEE 92004053189 09/09/2024 60695 50.00 09/09/2024 BOOKS Donation
    LCC     NFIC MEDICAL MEDICAL GEN 05/09/2025 Book Aid International 19.00   RS57 KEE 92004053810 05/09/2025 60694 19.00 05/09/2025 BOOKS Donation